HANDBOOK FOR MEDICAL REPRESENTATIVE (Record no. 7438)

MARC details
000 -LEADER
fixed length control field 00383nam a22001577a 4500
005 - DATE AND TIME OF LATEST TRANSACTION
control field 20210906153937.0
008 - FIXED-LENGTH DATA ELEMENTS--GENERAL INFORMATION
fixed length control field 210127b xxu||||| |||| 00| 0 eng d
020 ## - INTERNATIONAL STANDARD BOOK NUMBER
ISBN 9788174734051
041 ## - LANGUAGE CODE
Language code of text/sound track or separate title eng
100 ## - MAIN ENTRY--AUTHOR NAME
Personal name NATH ,UDAY
245 ## - TITLE STATEMENT
Title HANDBOOK FOR MEDICAL REPRESENTATIVE
260 ## - PUBLICATION, DISTRIBUTION, ETC. (IMPRINT)
Place of publication INDIA
Name of publisher AITBS PUBLISHERS
300 ## - PHYSICAL DESCRIPTION
Number of Pages 88;p
650 ## - SUBJECT ADDED ENTRY--TOPICAL TERM
Topical Term PHARMACY
942 ## - ADDED ENTRY ELEMENTS (KOHA)
Koha item type Books
Holdings
Lost status Damaged status Collection code Home library Current library Shelving location Date acquired Source of acquisition Cost, normal purchase price Accession Number Koha item type
    PHARMACY JRU Library JRU Library SHELF-18-F 27/01/2021 PURCHES 99.00 25164 Books